Missa pastoralis in D Major ; Graduale in C Major ; Offertorium in D Major

Bibliographic Details
Main Author: Zimmermann, Anton, 1741-1781 (Composer)
Corporate Authors: Musica aeterna (hudobná skupina) (Performer), Vox aeterna (Performer)
Other Authors: Zajíček, Peter, 1954- (Conductor, Performer)
Format: CD Audio
Language:Latin
PhysicalDescription:1 zvuková platňa (50 min., 27 sek.) 12 cm 1 brožúra (28 s.)
Published: Bratislava Hudobné centrum 2006
Series:Monumenta musicae Slovacae
Subjects:

MARC

LEADER 00000cjm a2200000 a 4500
001 vtls009001039
003 SK-MaSNL
005 20260331204825.0
007 sd fungnnmmned
008 070621s2006 xo msnng feid n lat
015 |a SNBJ2015 
028 0 1 |a HC 10014  |b Hudobné centrum 
028 0 1 |a R35 0010-2-231  |b Hudobné centrum 
040 |a SNK  |b slo  |c SNK  |e AACR2 
041 0 |d lat  |g slo  |g eng  |g ger 
044 |a xo  |c SK 
048 |a ob  |a ca 
072 7 |a 783  |x Cirkevná hudba. Duchovná hudba. Náboženská hudba  |2 konspekt 
080 |a 783.21  |2 2001 
080 |a 783.23  |2 2001 
080 |a (086.76)  |2 2001 
100 1 |a Zimmermann, Anton,  |d 1741-1781  |4 cmp 
240 1 |a Missa pastoralis  |r D dur 
245 1 0 |a Missa pastoralis in D Major ; Graduale in C Major ; Offertorium in D Major  |h zvukový záznam  |c Anton Zimmermann 
246 3 8 |a Missa pastoralis ; Graduale ; Offertorium 
260 |a Bratislava  |b Hudobné centrum  |c 2006 
300 |a 1 zvuková platňa (50 min., 27 sek.)  |c 12 cm  |e 1 brožúra (28 s.) 
306 |a 005027 
490 1 |a Monumenta musicae Slovacae 
500 |a Kompaktná platňa 
500 |a Brožúra obsahuje komentár Dariny Múdrej o autorovi, dielach, interpretoch a texty piesní 
511 0 |a Musica aeterna (na originálnych nástrojoch) ; Vox aeterna (Peter Zajíček, umelecký vedúci, Kamila Zajíčková, soprán, Piotr Olech, alt, Marian Olszewski, tenor, Jaroslav Pehal, bas) 
518 |a Nahraté v Hudobnej sieni Bratislavského hradu od 12.-14.10.2006 v spolupráci s Hudobným múzeom Slovenského národného múzea 
650 0 7 |a omša (hudba)  |2 SNKPH  |9 3409 
650 0 7 |a duchovná hudba  |2 SNKPH  |9 1749 
650 0 7 |a ofertória  |2 SNKPH  |9 315111 
655 7 |a kompaktné platne  |2 SNKPH  |9 70690 
700 1 2 |a Zimmermann, Anton,  |d 1741-1781.  |t Graduale Afferentur regi Virgines  |r C dur  |9 696226 
700 1 2 |a Zimmermann, Anton,  |d 1741-1781.  |t Offertorium pastorale Huc, pastores, gregum  |r D dur  |9 696227 
700 1 |a Zajíček, Peter,  |d 1954-  |4 cnd  |4 prf  |9 120599 
710 2 |a Musica aeterna (hudobná skupina)  |4 prf  |9 34238 
710 2 |a Vox aeterna  |4 prf  |9 696228 
810 2 |a Hudobné centrum  |t Monumenta musicae Slovacae  |9 696229 
999 |c 1084321  |d 1086251 
952 |a SNK  |b SNK  |y PREZ  |7 0  |p 17A0555189  |o snkSCD 2081 D1  |i snk2007/15817  |8 0  |0 0  |1 0  |4 0  |d 2007-06-21  |l 0  |r 2026-02-24 16:36:29  |w 2026-02-24 
952 |a SNK  |b SNK  |y PREZ  |7 0  |p 17A0555188  |o snkSCD 2081  |i snk2007/15816  |8 0  |0 0  |1 0  |4 0  |d 2007-06-21  |l 0  |r 2026-02-24 16:36:29  |w 2026-02-24